[Event "CAN-op"]
[Site "Edmonton CAN"]
[Date "2009.07.13"]
[Round "3.88"]
[White "Merkowsky, Mark"]
[Black "Sponga, George"]
[Result "0-1"]
[WhiteElo "1466"]
[BlackElo "1671"]
[PlyCount "102"]
[GameId "2160767910155898"]
[EventDate "2009.07.11"]
[EventType "swiss"]
[EventRounds "9"]
[EventCountry "CAN"]
[SourceTitle "EXT 2022"]
[Source "ChessBase"]
[SourceDate "2021.10.06"]
[SourceVersion "1"]
[SourceVersionDate "2021.10.06"]
[SourceQuality "1"]

1. c4 g6 2. Nf3 Bg7 3. d4 d6 4. h3 c6 5. Nc3 Nd7 6. Bf4 Ngf6 7. e3 a6 8. Bd3 b5 9. O-O b4 10. Na4 Bb7 11. a3 bxa3 12. Rxa3 h6 13. Qc2 g5 14. Rb3 Ra7 15. Bh2 c5 16. d5 O-O 17. e4 Re8 18. Re1 g4 19. hxg4 Nxg4 20. Bg3 Nge5 21. Be2 Nxf3+ 22. Bxf3 Bd4 23. Nc3 e5 24. dxe6 Rxe6 25. Ne2 Be5 26. Rd3 Qf6 27. Bxe5 Nxe5 28. Ng3 Nxd3 29. Qxd3 Qxb2 30. Nf5 Qe5 31. Qb1 Qc3 32. Rc1 Qa5 33. e5 Qb4 34. Bxb7 Qxb7 35. Qd3 dxe5 36. Qd8+ Kh7 37. Qd3 e4 38. Qg3 Rg6 39. Qe3 Qb2 40. Kh2 Qe5+ 41. Ng3 f5 42. f4 Qf6 43. Ne2 Rag7 44. g3 h5 45. Kg2 Qb2 46. Kf1 h4 47. Qxc5 Qf6 48. Rc3 hxg3 49. Nd4 g2+ 50. Kg1 Qh4 51. Nf3 exf3 0-1

[Event "CAN-op"]
[Site "Edmonton CAN"]
[Date "2009.07.13"]
[Round "3.89"]
[White "Roberts, Richard"]
[Black "Marshall, Jim"]
[Result "0-1"]
[WhiteElo "1418"]
[BlackElo "1661"]
[PlyCount "93"]
[GameId "2160767910155899"]
[EventDate "2009.07.11"]
[EventType "swiss"]
[EventRounds "9"]
[EventCountry "CAN"]
[SourceTitle "EXT 2022"]
[Source "ChessBase"]
[SourceDate "2021.10.06"]
[SourceVersion "1"]
[SourceVersionDate "2021.10.06"]
[SourceQuality "1"]

1. d4 Nf6 2. c4 g6 3. Nc3 d5 4. e3 Bg7 5. Nf3 O-O 6. h3 c5 7. dxc5 Qa5 8. cxd5 Ne4 9. Qc2 Nxc3 10. Bd2 Qxc5 11. Bxc3 Bxc3+ 12. bxc3 Qxd5 13. e4 Qc5 14. Be2 Nc6 15. O-O Be6 16. Rab1 Rab8 17. Rb5 Qa3 18. Ra1 a6 19. Rb2 Na5 20. Nd2 Rfc8 21. Nb1 Qc5 22. Bg4 Bxg4 23. hxg4 Nc4 24. Rb3 Ne5 25. Qe2 Rc6 26. g5 Nc4 27. a4 Qxg5 28. Rb4 Qc1+ 29. Qf1 Qxf1+ 30. Kxf1 b6 31. a5 b5 32. Ke2 Rd8 33. Ra2 Rcd6 34. f4 Rd3 35. e5 e6 36. Kf2 h5 37. Re2 Nxa5 38. Rbe4 Nc4 39. g3 a5 40. Kg2 Rd1 41. Re1 Rxe1 42. Rxe1 a4 43. Re2 Rd1 44. Na3 Nxa3 45. Rb2 Rb1 46. Rd2 Nc4 47. Kf3 0-1

[Event "CAN-op"]
[Site "Edmonton CAN"]
[Date "2009.07.13"]
[Round "3.90"]
[White "Longson, Stan"]
[Black "Neumann, Ralph"]
[Result "0-1"]
[WhiteElo "1400"]
[BlackElo "1654"]
[PlyCount "86"]
[GameId "2160767910155900"]
[EventDate "2009.07.11"]
[EventType "swiss"]
[EventRounds "9"]
[EventCountry "CAN"]
[SourceTitle "EXT 2022"]
[Source "ChessBase"]
[SourceDate "2021.10.06"]
[SourceVersion "1"]
[SourceVersionDate "2021.10.06"]
[SourceQuality "1"]

1. d4 d5 2. Nf3 Nf6 3. c4 e6 4. Nc3 c6 5. Bf4 Nbd7 6. e3 Be7 7. Bd3 dxc4 8. Bxc4 Nd5 9. Nxd5 exd5 10. Bd3 O-O 11. O-O f5 12. h3 Nf6 13. Qc2 Ne4 14. Nd2 Bd6 15. Bxd6 Qxd6 16. Nf3 c5 17. dxc5 Nxc5 18. Nd4 Nxd3 19. Qxd3 f4 20. exf4 Rxf4 21. Rfe1 Bd7 22. Rac1 a6 23. g3 Rf6 24. h4 Rff8 25. Re3 Rae8 26. Rc2 Rxe3 27. Qxe3 Re8 28. Qc3 Rc8 29. Qe3 Rxc2 30. Nxc2 b6 31. b3 Qc5 32. Nd4 b5 33. f3 a5 34. g4 Qd6 35. Kg2 Qa3 36. Qd2 Qc5 37. Qe3 Qa3 38. Qe2 h5 39. g5 Qc5 40. Qe3 Qd6 41. f4 Qg6 42. Kg3 Qb1 43. g6 Qxg6+ 0-1

[Event "CAN-op"]
[Site "Edmonton CAN"]
[Date "2009.07.13"]
[Round "3.91"]
[White "Pavlic, Stephen"]
[Black "Sullivan, Brian"]
[Result "0-1"]
[WhiteElo "1341"]
[BlackElo "1643"]
[PlyCount "76"]
[GameId "2160767910155901"]
[EventDate "2009.07.11"]
[EventType "swiss"]
[EventRounds "9"]
[EventCountry "CAN"]
[SourceTitle "EXT 2022"]
[Source "ChessBase"]
[SourceDate "2021.10.06"]
[SourceVersion "1"]
[SourceVersionDate "2021.10.06"]
[SourceQuality "1"]

1. f4 d5 2. e3 Nf6 3. Nf3 e6 4. Be2 Be7 5. d4 c5 6. dxc5 Bxc5 7. c4 O-O 8. O-O Ng4 9. Nd4 Nf6 10. b3 Nc6 11. Kh1 a6 12. a4 Qb6 13. Bb2 Na5 14. Nd2 Bd7 15. Bc3 Rad8 16. Rb1 Bb4 17. Bxb4 Qxb4 18. Nc2 Qe7 19. b4 Nxc4 20. Nxc4 dxc4 21. Bxc4 Bxa4 22. Qc1 Rc8 23. Bb3 Bc6 24. Kg1 Ne4 25. Nd4 Bb5 26. Qd1 Bxf1 27. Kxf1 Nc3 28. Qc2 Nxb1 29. Qxb1 Qxb4 30. Nxe6 Rfe8 31. Nc7 Qe7 32. Nxe8 Rxe8 33. Bd5 b5 34. e4 Qc7 35. g3 Rc8 36. e5 Qc1+ 37. Qxc1 Rxc1+ 38. Ke2 Rc7 0-1

[Event "CAN-op"]
[Site "Edmonton CAN"]
[Date "2009.07.13"]
[Round "3.92"]
[White "Santelices, Philip"]
[Black "Orr, Douglas"]
[Result "1-0"]
[WhiteElo "1629"]
[BlackElo "1424"]
[PlyCount "63"]
[GameId "2160767910155902"]
[EventDate "2009.07.11"]
[EventType "swiss"]
[EventRounds "9"]
[EventCountry "CAN"]
[SourceTitle "EXT 2022"]
[Source "ChessBase"]
[SourceDate "2021.10.06"]
[SourceVersion "1"]
[SourceVersionDate "2021.10.06"]
[SourceQuality "1"]

1. e4 c5 2. Nf3 d6 3. d4 cxd4 4. Nxd4 Nf6 5. Nc3 Nc6 6. Be2 g6 7. Be3 Bg7 8. Qd2 O-O 9. O-O-O Ng4 10. Bxg4 Bxg4 11. f3 Bd7 12. g4 Nxd4 13. Bxd4 Bc6 14. Bxg7 Kxg7 15. h4 Qa5 16. h5 g5 17. h6+ Kg6 18. Kb1 Rad8 19. Qh2 e6 20. f4 Kf6 21. Qh5 Rg8 22. Rhf1 Ke7 23. f5 Qe5 24. fxe6 Qxe6 25. Nd5+ Bxd5 26. exd5 Qg6 27. Rde1+ Kf8 28. Qh2 Re8 29. Rd1 Qe4 30. Qxd6+ Qe7 31. Rxf7+ Kxf7 32. Rf1+ 1-0

[Event "CAN-op"]
[Site "Edmonton CAN"]
[Date "2009.07.13"]
[Round "3.93"]
[White "Danner, Jason"]
[Black "Ludwig, Michael1"]
[Result "1-0"]
[WhiteElo "1626"]
[BlackElo "1413"]
[PlyCount "65"]
[GameId "2160767910155903"]
[EventDate "2009.07.11"]
[EventType "swiss"]
[EventRounds "9"]
[EventCountry "CAN"]
[SourceTitle "EXT 2022"]
[Source "ChessBase"]
[SourceDate "2021.10.06"]
[SourceVersion "1"]
[SourceVersionDate "2021.10.06"]
[SourceQuality "1"]

1. e4 Nf6 2. e5 Nd5 3. Bc4 Nb6 4. Bb3 e6 5. d4 d5 6. Nf3 c5 7. c3 c4 8. Bc2 Be7 9. O-O O-O 10. Bf4 Nc6 11. Nbd2 f6 12. exf6 Bxf6 13. Bg3 Re8 14. Re1 Nd7 15. Nf1 e5 16. dxe5 Ndxe5 17. Nxe5 Nxe5 18. f4 Nc6 19. Rxe8+ Qxe8 20. Qxd5+ Be6 21. Qd2 Rd8 22. Qe2 Qf7 23. Re1 Bd5 24. Ne3 Re8 25. Qg4 Be4 26. Bh4 Bd3 27. Bd1 a6 28. Bf3 Be4 29. Bxf6 Qxf6 30. Nxc4 Bxf3 31. Rxe8+ Kf7 32. Qd7+ Ne7 33. Ne5+ 1-0

[Event "CAN-op"]
[Site "Edmonton CAN"]
[Date "2009.07.13"]
[Round "3.94"]
[White "Amundson, Kristofor"]
[Black "Dattani, Dinesh"]
[Result "1/2-1/2"]
[WhiteElo "1601"]
[BlackElo "1380"]
[PlyCount "38"]
[GameId "2160767910155904"]
[EventDate "2009.07.11"]
[EventType "swiss"]
[EventRounds "9"]
[EventCountry "CAN"]
[SourceTitle "EXT 2022"]
[Source "ChessBase"]
[SourceDate "2021.10.06"]
[SourceVersion "1"]
[SourceVersionDate "2021.10.06"]
[SourceQuality "1"]

1. d4 d5 2. Nf3 Nf6 3. e3 e6 4. Bd3 Bd6 5. Nbd2 Nbd7 6. O-O O-O 7. e4 dxe4 8. Nxe4 Be7 9. c3 c5 10. Bg5 b6 11. Ng3 Bb7 12. Re1 Rc8 13. Rc1 Re8 14. Bb1 Nd5 15. Qd3 g6 16. h4 c4 17. Qd2 N5f6 18. Red1 Bxf3 19. gxf3 Nd5 1/2-1/2

[Event "CAN-op"]
[Site "Edmonton CAN"]
[Date "2009.07.13"]
[Round "3.95"]
[White "Taylor, James"]
[Black "Kassam, Jamil"]
[Result "1-0"]
[WhiteElo "1570"]
[BlackElo "1334"]
[PlyCount "133"]
[GameId "2160767910155905"]
[EventDate "2009.07.11"]
[EventType "swiss"]
[EventRounds "9"]
[EventCountry "CAN"]
[SourceTitle "EXT 2022"]
[Source "ChessBase"]
[SourceDate "2021.10.06"]
[SourceVersion "1"]
[SourceVersionDate "2021.10.06"]
[SourceQuality "1"]

1. e4 e5 2. Nf3 Nc6 3. Bb5 a6 4. Ba4 Nf6 5. O-O Be7 6. Re1 b5 7. Bb3 O-O 8. c3 d5 9. exd5 Nxd5 10. Nxe5 Nxe5 11. Rxe5 c6 12. d4 Bd6 13. Re1 Qh4 14. g3 Qh3 15. Re4 Nf6 16. Rh4 Qf5 17. Bc2 Qd5 18. Qd3 Re8 19. Be3 Bb7 20. Bb3 Qf3 21. Nd2 Qg4 22. Rxg4 Nxg4 23. Bc2 g6 24. Rf1 Rad8 25. h3 Nxe3 26. fxe3 Bxg3 27. Ne4 Be5 28. Nf6+ Bxf6 29. Rxf6 Kg7 30. Qf1 Rd7 31. e4 Ree7 32. e5 Rc7 33. b4 Bc8 34. h4 Be6 35. a3 Bc4 36. Qf2 Rc8 37. Qg3 Rg8 38. Be4 Bd5 39. Bxd5 cxd5 40. Qf3 Rd7 41. Rxa6 Rb8 42. Qf6+ Kg8 43. Rd6 Rbb7 44. Rxd7 Rxd7 45. Qc6 Ra7 46. Qxb5 Rxa3 47. Qxd5 Ra1+ 48. Kg2 Ra2+ 49. Kg3 Rc2 50. b5 Rb2 51. b6 Kg7 52. Qc6 Rb3 53. b7 Rb2 54. Qf6+ Kg8 55. Qd8+ Kg7 56. b8=Q Rxb8 57. Qxb8 h6 58. Qd6 Kg8 59. e6 fxe6 60. Qxe6+ Kh8 61. Qd5 g5 62. hxg5 hxg5 63. Qxg5 Kh7 64. Kf4 Kh8 65. Kf5 Kh7 66. Kf6 Kh8 67. Qg7# 1-0

[Event "CAN-op"]
[Site "Edmonton CAN"]
[Date "2009.07.13"]
[Round "3.96"]
[White "Green, Leah"]
[Black "Magnusson, Saul"]
[Result "0-1"]
[WhiteElo "1298"]
[BlackElo "1568"]
[PlyCount "84"]
[GameId "2160767910155906"]
[EventDate "2009.07.11"]
[EventType "swiss"]
[EventRounds "9"]
[EventCountry "CAN"]
[SourceTitle "EXT 2022"]
[Source "ChessBase"]
[SourceDate "2021.10.06"]
[SourceVersion "1"]
[SourceVersionDate "2021.10.06"]
[SourceQuality "1"]

1. e4 Nf6 2. d3 e5 3. Nf3 Nc6 4. Nc3 Be7 5. Bg5 O-O 6. Bxf6 Bxf6 7. g3 d6 8. Bg2 Be6 9. Nd5 Re8 10. Nxf6+ Qxf6 11. Qd2 d5 12. Qg5 Qd8 13. Qxd8 Raxd8 14. O-O h6 15. b3 g5 16. h3 f6 17. a3 dxe4 18. dxe4 Nd4 19. Nxd4 Rxd4 20. b4 Red8 21. c3 Rd2 22. Rfe1 Rc2 23. Re3 Rdd2 24. Rf3 Kg7 25. g4 Bc4 26. Bf1 Bb3 27. Bg2 Ba4 28. Rf5 Rxc3 29. Rf3 Rcc2 30. Rf1 Bb5 31. Re1 Be2 32. Rf5 Ra2 33. Bf3 Bd3 34. Bg2 Rxa3 35. Re3 Raa2 36. Rff3 Bb5 37. Rc3 Bc6 38. Rf5 a6 39. Rc4 Kf7 40. Rf3 Re2 41. Bf1 Re1 42. Kg2 Raa1 0-1

[Event "CAN-op"]
[Site "Edmonton CAN"]
[Date "2009.07.13"]
[Round "3.97"]
[White "Thomson, Bruce"]
[Black "Reichert, Wayne"]
[Result "1-0"]
[WhiteElo "1555"]
[BlackElo "1146"]
[PlyCount "57"]
[GameId "2160767910155907"]
[EventDate "2009.07.11"]
[EventType "swiss"]
[EventRounds "9"]
[EventCountry "CAN"]
[SourceTitle "EXT 2022"]
[Source "ChessBase"]
[SourceDate "2021.10.06"]
[SourceVersion "1"]
[SourceVersionDate "2021.10.06"]
[SourceQuality "1"]

1. d4 d5 2. c4 e6 3. Nc3 c6 4. cxd5 exd5 5. a3 Nf6 6. g3 Nbd7 7. Bg2 Be7 8. Nf3 Qc7 9. O-O h6 10. Re1 a6 11. a4 b6 12. Bf4 Qd8 13. e4 Bb7 14. exd5 cxd5 15. Bd6 O-O 16. Bxe7 Qc8 17. Bxf8 Nxf8 18. Rc1 Qd7 19. Ne5 Qd8 20. Ng4 N8h7 21. Nxf6+ Nxf6 22. Re3 Qd7 23. Qb3 Qd6 24. Rce1 Kh8 25. Qc2 Rd8 26. Re7 Qb8 27. Rxf7 Ba8 28. Qg6 Rg8 29. Ree7 1-0

[Event "CAN-op"]
[Site "Edmonton CAN"]
[Date "2009.07.13"]
[Round "3.99"]
[White "Virji, Naveed"]
[Black "McCullough, Ian"]
[Result "1-0"]
[WhiteElo "1398"]
[BlackElo "694"]
[PlyCount "57"]
[GameId "2160767910155909"]
[EventDate "2009.07.11"]
[EventType "swiss"]
[EventRounds "9"]
[EventCountry "CAN"]
[SourceTitle "EXT 2022"]
[Source "ChessBase"]
[SourceDate "2021.10.06"]
[SourceVersion "1"]
[SourceVersionDate "2021.10.06"]
[SourceQuality "1"]

1. e4 e6 2. Nc3 Bb4 3. a3 Ba5 4. b4 Bb6 5. Nf3 Nc6 6. Bb5 Nf6 7. Bxc6 dxc6 8. d3 h6 9. O-O O-O 10. e5 Ng4 11. h3 Nxf2 12. Rxf2 Bxf2+ 13. Kxf2 b6 14. b5 c5 15. d4 Bb7 16. Ne2 Bxf3 17. Kxf3 Qh4 18. Nf4 g5 19. Ne2 Rad8 20. Qg1 f6 21. dxc5 fxe5+ 22. Ke3 Rd4 23. g4 Qxh3+ 24. Qg3 Qxg3+ 25. Nxg3 Rxg4 26. Ne4 Rff4 27. Nf2 Rf7 28. Nxg4 Kg7 29. Nxe5 1-0

[Event "CAN-op"]
[Site "Edmonton CAN"]
[Date "2009.07.14"]
[Round "4"]
[White "Moura, Eduardo"]
[Black "Zeggelaar, Mike"]
[Result "1-0"]
[WhiteElo "2237"]
[BlackElo "1810"]
[PlyCount "43"]
[GameId "2160767910155914"]
[EventDate "2009.07.11"]
[EventType "swiss"]
[EventRounds "9"]
[EventCountry "CAN"]
[SourceTitle "CBM 132 Extra"]
[Source "ChessBase"]
[SourceDate "2009.11.03"]
[SourceVersion "1"]
[SourceVersionDate "2009.11.03"]
[SourceQuality "1"]

1. e4 e6 2. d4 d5 3. Nd2 Nf6 4. e5 Nfd7 5. f4 c5 6. Ngf3 Nc6 7. Nb3 cxd4 8. Nbxd4 Be7 9. c3 O-O 10. Bd3 Re8 11. O-O Nf8 12. Qe2 Bd7 13. Bd2 f6 14. Rae1 fxe5 15. fxe5 Qb6 16. Kh1 a5 17. Nxc6 bxc6 18. Nd4 c5 19. Qh5 g6 20. Qf3 g5 21. Qf7+ Kh8 22. Rf6 1-0

[Event "CAN-op"]
[Site "Edmonton CAN"]
[Date "2009.07.14"]
[Round "4.13"]
[White "Hambleton, Aman"]
[Black "Hommeles, Theo"]
[Result "0-1"]
[WhiteElo "2206"]
[BlackElo "2412"]
[PlyCount "140"]
[GameId "2160767910155926"]
[EventDate "2009.07.11"]
[EventType "swiss"]
[EventRounds "9"]
[EventCountry "CAN"]

1. d4 g6 2. c4 Bg7 3. Nc3 d6 4. e4 e5 5. dxe5 dxe5 6. Qxd8+ Kxd8 7. Bg5+ f6 8. O-O-O+ Nd7 9. Be3 Bh6 10. Nf3 Bxe3+ 11. fxe3 Nh6 12. h3 c6 13. a3 Ke7 14. b4 Nf7 15. Nd2 b6 16. Be2 h5 17. Nb3 Ba6 18. a4 Rac8 19. Kb2 c5 20. Nd5+ Ke6 21. b5 Bb7 22. a5 Nd6 23. a6 Bxd5 24. Rxd5 Nxe4 25. Bf3 Nd6 26. Rhd1 Nxc4+ 27. Kc3 Nxe3 28. Rd6+ Kf5 29. Rxd7 Nxd1+ 30. Bxd1 Ra8 31. Nd2 Ke6 32. Rg7 f5 33. Rxg6+ Ke7 34. Bb3 e4 35. Rg7+ Kf6 36. Rf7+ Kg6 37. Re7 Rhd8 38. Bc4 Rd4 39. h4 Rad8 40. Nb3 R4d7 41. Re6+ Kg7 42. g3 Rf8 43. Nd2 Rf6 44. Re8 Rg6 45. Nf1 Rgd6 46. Rg8+ Kf6 47. Rf8+ Ke5 48. Re8+ Kf6 49. Rf8+ Ke5 50. Re8+ Kf6 51. Rf8+ Kg6 52. Rg8+ Rg7 53. Rxg7+ Kxg7 54. Ne3 Kf6 55. Be2 Rd4 56. Ng2 Ke5 57. Nf4 Ra4 58. Kb2 Kd4 59. Nxh5 Ke3 60. Nf4 Rd4 61. h5 Kf2 62. h6 Rd6 63. h7 Rh6 64. Bc4 Kxg3 65. Nd5 Rxh7 66. Kc3 Kf2 67. Nf4 Kf3 68. Ne6 Rd7 69. Ng5+ Ke3 70. Be6 Rd3+ 0-1

[Event "CAN-op"]
[Site "Edmonton CAN"]
[Date "2009.07.14"]
[Round "4.16"]
[White "Pradzinski, Tim"]
[Black "Gardner, Robert"]
[Result "0-1"]
[WhiteElo "1969"]
[BlackElo "2272"]
[PlyCount "84"]
[GameId "2160767910155929"]
[EventDate "2009.07.11"]
[EventType "swiss"]
[EventRounds "9"]
[EventCountry "CAN"]
[SourceTitle "EXT 2022"]
[Source "ChessBase"]
[SourceDate "2021.10.06"]
[SourceVersion "1"]
[SourceVersionDate "2021.10.06"]
[SourceQuality "1"]

1. e4 g6 2. d4 Bg7 3. Nf3 d6 4. Nc3 a6 5. Be3 b5 6. Bd3 Nd7 7. Qd2 c5 8. O-O Bb7 9. dxc5 Nxc5 10. Bxc5 dxc5 11. Qf4 c4 12. Be2 Qb8 13. Qxb8+ Rxb8 14. Nd2 Bxc3 15. bxc3 Nf6 16. f3 O-O 17. a4 Nd7 18. axb5 axb5 19. Rfb1 Bc6 20. Rb2 Nc5 21. Nb1 Na4 22. Rb4 e5 23. Kf2 f5 24. exf5 gxf5 25. g3 Kg7 26. Ra3 Rbd8 27. Ke1 Rf6 28. Nd2 Rfd6 29. Nf1 f4 30. Kf2 Kf6 31. g4 Kg5 32. Rb1 R6d7 33. Re1 Kf6 34. h4 h6 35. Kg1 Nc5 36. Raa1 e4 37. Nh2 Rd2 38. Rad1 e3 39. Rxd2 Rxd2 40. Bd1 Na4 41. Nf1 Rd8 42. Nxe3 fxe3 0-1

[Event "CAN-op"]
[Site "Edmonton CAN"]
[Date "2009.07.14"]
[Round "4.17"]
[White "Piasetski, Leon"]
[Black "Willis, Bradley"]
[Result "*"]
[WhiteElo "2406"]
[BlackElo "2072"]
[PlyCount "51"]
[GameId "2160767910155930"]
[EventDate "2009.07.11"]
[EventType "swiss"]
[EventRounds "9"]
[EventCountry "CAN"]
[SourceTitle "EXT 2022"]
[Source "ChessBase"]
[SourceDate "2021.10.06"]
[SourceVersion "1"]
[SourceVersionDate "2021.10.06"]
[SourceQuality "1"]

1. Nf3 e6 2. c4 f5 3. g3 Nf6 4. Bg2 Be7 5. O-O O-O 6. d4 d6 7. Qb3 Ne4 8. Nfd2 Nxd2 9. Bxd2 Nc6 10. d5 Ne5 11. Nc3 Nd7 12. dxe6 Nc5 13. Qc2 Nxe6 14. f4 Qe8 15. Rae1 Qh5 16. e4 c6 17. exf5 Nd4 18. Qd1 Qxd1 19. Nxd1 Nxf5 20. g4 Bh4 21. gxf5 Bxe1 22. Rxe1 Bxf5 23. Re7 Rf7 24. Re3 Bc2 25. Nf2 Rxf4 26. Rc3 *

[Event "CAN-op"]
[Site "Edmonton CAN"]
[Date "2009.07.14"]
[Round "4.20"]
[White "MacKay, Ian"]
[Black "Yam, Alex"]
[Result "1-0"]
[WhiteElo "2328"]
[BlackElo "2328"]
[PlyCount "79"]
[GameId "2160767910155933"]
[EventDate "2009.07.11"]
[EventType "swiss"]
[EventRounds "9"]
[EventCountry "CAN"]
[SourceTitle "EXT 2022"]
[Source "ChessBase"]
[SourceDate "2021.10.06"]
[SourceVersion "1"]
[SourceVersionDate "2021.10.06"]
[SourceQuality "1"]

1. Nf3 g6 2. c4 Bg7 3. d4 Nf6 4. Nc3 c5 5. d5 d6 6. h3 O-O 7. e4 e6 8. Bd3 exd5 9. cxd5 b5 10. O-O b4 11. Na4 Ba6 12. Re1 Bxd3 13. Qxd3 Nbd7 14. Rb1 Nb6 15. Nxb6 axb6 16. a3 bxa3 17. bxa3 Re8 18. Bf4 Ra4 19. Nd2 Rd4 20. Qc2 Nxd5 21. Be3 Nxe3 22. fxe3 Rxd2 23. Qxd2 Rxe4 24. Qd5 Re6 25. Rf1 Be5 26. Rf3 Re7 27. Qc6 Ra7 28. e4 Qh4 29. Rbf1 f6 30. Qxb6 Re7 31. Qd8+ Kf7 32. Rb3 Qxe4 33. Rb8 Bd4+ 34. Kh1 Ke6 35. Qg8+ Ke5 36. Rbb1 d5 37. Qf8 Kd6 38. Rb6+ Kd7 39. Rb7+ Kd6 40. Qd8+ 1-0

[Event "CAN-op"]
[Site "Edmonton CAN"]
[Date "2009.07.14"]
[Round "4.27"]
[White "Gentes, Kevin"]
[Black "Newton, Geoff"]
[Result "1-0"]
[WhiteElo "2246"]
[BlackElo "1953"]
[PlyCount "103"]
[GameId "2160767910155938"]
[EventDate "2009.07.11"]
[EventType "swiss"]
[EventRounds "9"]
[EventCountry "CAN"]
[SourceTitle "EXT 2022"]
[Source "ChessBase"]
[SourceDate "2021.10.06"]
[SourceVersion "1"]
[SourceVersionDate "2021.10.06"]
[SourceQuality "1"]

1. Nf3 d5 2. c4 e6 3. g3 Nf6 4. Bg2 Be7 5. O-O O-O 6. b3 c6 7. Bb2 Qb6 8. d3 Rd8 9. Nbd2 d4 10. Qc2 c5 11. e3 Nc6 12. exd4 cxd4 13. a3 a5 14. Rfe1 Qc5 15. Re2 e5 16. Rae1 Bd6 17. Ng5 Bc7 18. h3 Bf5 19. Bc1 Rf8 20. g4 Bg6 21. Nde4 Nxe4 22. Nxe4 Bxe4 23. Bxe4 Rab8 24. Qd2 Ne7 25. b4 axb4 26. Qxb4 Bd6 27. Qxc5 Bxc5 28. f4 f6 29. a4 Nc6 30. Bd5+ Kh8 31. Bxc6 bxc6 32. fxe5 Rb3 33. exf6 gxf6 34. Rd1 Kg7 35. Ra2 f5 36. g5 Re8 37. Bf4 Ba7 38. Kf2 Kg6 39. a5 Re3 40. Bxe3 dxe3+ 41. Ke2 Kxg5 42. d4 Kf4 43. Rd3 Rb1 44. Rxe3 Bxd4 45. Re7 Rg1 46. Kd3 Bc5 47. Rxh7 Rg3+ 48. Kc2 Rg2+ 49. Kb3 Rg3+ 50. Ka4 Rc3 51. a6 Rxc4+ 52. Kb3 1-0

[Event "CAN-op"]
[Site "Edmonton CAN"]
[Date "2009.07.14"]
[Round "4.28"]
[White "Kalisvaart, Peter"]
[Black "Kagramanov, Dalia"]
[Result "1/2-1/2"]
[WhiteElo "2255"]
[BlackElo "1941"]
[PlyCount "115"]
[GameId "2160767910155939"]
[EventDate "2009.07.11"]
[EventType "swiss"]
[EventRounds "9"]
[EventCountry "CAN"]
[SourceTitle "EXT 2022"]
[Source "ChessBase"]
[SourceDate "2021.10.06"]
[SourceVersion "1"]
[SourceVersionDate "2021.10.06"]
[SourceQuality "1"]

1. d4 Nf6 2. Bg5 e6 3. e4 h6 4. Bxf6 Qxf6 5. Nc3 d6 6. Qd2 Nd7 7. O-O-O a6 8. f4 Qd8 9. d5 e5 10. f5 Be7 11. Nf3 b5 12. Qf2 Bb7 13. a3 Nb6 14. Be2 Bf6 15. g4 Rc8 16. h4 c5 17. Rhg1 b4 18. Nb1 Be7 19. g5 h5 20. g6 f6 21. Nfd2 a5 22. Bb5+ Kf8 23. Nc4 Nxc4 24. Bxc4 a4 25. Rg3 Qa5 26. Qe2 Rb8 27. c3 Bc8 28. cxb4 cxb4 29. axb4 Qxb4 30. Na3 Bd7 31. Qd2 Qb7 32. Rg2 Bd8 33. Qd3 Bb6 34. Rdd2 Bd4 35. Rc2 Ke7 36. Nb1 Qb4 37. Qe2 Qb6 38. Nc3 Qb4 39. Na2 Qb6 40. Nc3 Qb4 41. Na2 Qb6 42. Rg3 Rhc8 43. b4 axb3 44. Rxb3 Qa5 45. Qd2 Qa7 46. Rxb8 Be3 47. Rxc8 Bxd2+ 48. Kxd2 Bxc8 49. Bd3 Bd7 50. Ke2 Qg1 51. Nb4 Ba4 52. Rc7+ Kd8 53. Rxg7 Qd1+ 54. Ke3 Qe1+ 55. Be2 Bd1 56. Nc6+ Kc8 57. Na7+ Kd8 58. Nc6+ 1/2-1/2

[Event "CAN-op"]
[Site "Edmonton CAN"]
[Date "2009.07.14"]
[Round "4.30"]
[White "Shah, Omar"]
[Black "Sundar, Avinaash"]
[Result "0-1"]
[WhiteElo "1972"]
[BlackElo "2210"]
[PlyCount "86"]
[GameId "2160767910155940"]
[EventDate "2009.07.11"]
[EventType "swiss"]
[EventRounds "9"]
[EventCountry "CAN"]
[SourceTitle "EXT 2022"]
[Source "ChessBase"]
[SourceDate "2021.10.06"]
[SourceVersion "1"]
[SourceVersionDate "2021.10.06"]
[SourceQuality "1"]

1. b3 e5 2. Bb2 Nc6 3. c4 Nf6 4. e3 d5 5. cxd5 Nxd5 6. a3 Be7 7. d3 O-O 8. Be2 f5 9. Qc2 Bf6 10. Nd2 Kh8 11. Rc1 a5 12. Ngf3 Qe8 13. O-O Nb6 14. Rfe1 Qg6 15. Bf1 Be6 16. Qb1 Qf7 17. Qa1 Nd7 18. Nc4 Bxc4 19. Rxc4 Rae8 20. Nd2 Bg5 21. Nf3 Bf6 22. Nd2 h6 23. Rec1 Be7 24. Rxc6 bxc6 25. Rxc6 Bd6 26. Qc1 Qh5 27. Nc4 Re6 28. Nxd6 cxd6 29. Rc8 Qf7 30. d4 Ree8 31. Rc7 Qe6 32. Bb5 Rd8 33. dxe5 Nxe5 34. Qc3 f4 35. exf4 Rxf4 36. Qg3 Rg4 37. Qc3 Qf6 38. Be2 Rg6 39. g3 Rf8 40. f4 Qxf4 41. Qd4 Nf3+ 42. Bxf3 Qxf3 43. Rc1 Qe2 0-1

[Event "CAN-op"]
[Site "Edmonton CAN"]
[Date "2009.07.14"]
[Round "4.31"]
[White "Huang, Richard"]
[Black "Doubleday, William"]
[Result "1-0"]
[WhiteElo "1952"]
[BlackElo "2198"]
[PlyCount "103"]
[GameId "2160767910155941"]
[EventDate "2009.07.11"]
[EventType "swiss"]
[EventRounds "9"]
[EventCountry "CAN"]
[SourceTitle "EXT 2022"]
[Source "ChessBase"]
[SourceDate "2021.10.06"]
[SourceVersion "1"]
[SourceVersionDate "2021.10.06"]
[SourceQuality "1"]

1. d4 d5 2. c4 e5 3. cxd5 Qxd5 4. dxe5 Qxd1+ 5. Kxd1 Nc6 6. Nf3 Bg4 7. Bf4 O-O-O+ 8. Kc1 Bc5 9. e3 Nge7 10. Nbd2 Nd5 11. Bg5 Rd7 12. h3 Bxf3 13. Nxf3 Ndb4 14. a3 Nd3+ 15. Bxd3 Rxd3 16. Kc2 Rd7 17. Rad1 Re8 18. Rxd7 Kxd7 19. Rd1+ Ke6 20. Bf4 h6 21. Nd4+ Bxd4 22. exd4 Ne7 23. Be3 h5 24. Bg5 Nd5 25. Kd3 Kf5 26. Be3 g5 27. g4+ hxg4 28. hxg4+ Kg6 29. Ke4 c6 30. Kf3 Rh8 31. Kg3 Rh7 32. Bd2 f5 33. exf6 Kxf6 34. Re1 Re7 35. Rxe7 Nxe7 36. Kf3 Nd5 37. Ke4 Ne7 38. Bb4 Nd5 39. Bd2 Nc7 40. Be3 Nd5 41. f3 a6 42. Bd2 Ne7 43. Ba5 Nd5 44. Bd8+ Kg6 45. Ke5 Nf4 46. Kd6 Nd3 47. Kc7 Ne1 48. Kxb7 Nxf3 49. Kxa6 Nxd4 50. Kb6 Nc2 51. a4 Ne3 52. a5 1-0